00426nam a2200133 a 450000100100000000500170001000800410002704000250006808200130009311000370010624500920014326000370023530000200027200004486520201002045705.0100322s1981 dr ac 000 0 spa d aDO-SdBNPbspacBNPHU axxxbxxx2 aClub deportivo y cultural Payero10aClub Payero en su XVI aniversario :bDesaparecerá el beisbol doble A del distrito? /. aSanto Domingo :bNivar,c[1981]. a43 p. ;c28 cm.